| 000 | 00544nam a22002057a 4500 | ||
|---|---|---|---|
| 003 | OSt | ||
| 005 | 20220107122740.0 | ||
| 008 | 140425b xxu||||| |||| 00| 0 eng d | ||
| 020 | _a9788126543281 | ||
| 040 | _cIIITM-K | ||
| 082 | _a006.312 HUR/B | ||
| 100 |
_aHurwitz, Judith _94478 |
||
| 245 |
_aBig data for dummies _cby Hurwitz, Judith et.al |
||
| 260 |
_aNew Delhi, _bWiley, _c2013. |
||
| 300 | _axxii, 312p. | ||
| 650 |
_aCOMPUTER SCIENCE _94479 |
||
| 650 |
_aCLOUD COMPUTING _94480 |
||
| 650 |
_aCLOUD SECURITY _94481 |
||
| 942 |
_2ddc _cBK |
||
| 999 |
_c3945 _d3945 |
||